[Event "Pardubice Czech op-E 35th"]
[Site "Pardubice"]
[Date "2024.07.11"]
[Round "1.4"]
[White "Vedral, Oldrich"]
[Black "Sipek, Michal"]
[Result "1-0"]
[WhiteElo "2186"]
[BlackElo "1924"]
[PlyCount "65"]
[EventDate "2024.07.11"]
[EventType "team-swiss"]
[EventRounds "7"]
[EventCountry "CZE"]
[SourceTitle "CBM 221 Extra"]
[Source "ChessBase"]
[SourceDate "2024.09.30"]
[SourceVersion "1"]
[SourceVersionDate "2024.09.30"]
[SourceQuality "1"]
[WhiteTeam "Praha Oaza"]
[BlackTeam "Jundrov Jezdci"]
[WhiteTeamCountry "CZE"]
[BlackTeamCountry "CZE"]

1. e4 d6 2. d4 g6 3. Nc3 Nf6 4. Bg5 h6 5. Bh4 Bg7 6. f4 c6 7. h3 Qa5 8. Qd2 b5 9. e5 b4 10. Nd1 Ne4 11. Qe3 b3+ 12. c3 d5 13. Bd3 Bf5 14. g4 Be6 15. Ne2 Nd7 16. 0-0 f5 17. exf6 Ndxf6 18. Nf2 g5 19. axb3 Qc7 20. Bg3 Nxg3 21. Bg6+ Bf7 22. Bxf7+ Kxf7 23. Qxg3 a5 24. Nd3 Kg8 25. fxg5 Qxg3+ 26. Nxg3 hxg5 27. Kg2 Nd7 28. Rae1 Bf6 29. Nf5 Rh7 30. Re6 Ra6 31. Rfe1 Kf8 32. b4 a4 33. b5 1-0

[Event "Morava-ch"]
[Site "Orlova"]
[Date "2023.10.29"]
[Round "9"]
[White "Zednicek, Filip"]
[Black "Sipek, Michal"]
[Result "1/2-1/2"]
[WhiteElo "1950"]
[BlackElo "1912"]
[PlyCount "23"]
[EventDate "2023.10.24"]
[EventType "swiss"]
[EventRounds "9"]
[EventCountry "CZE"]
[SourceTitle "CBM 217 Extra"]
[Source "ChessBase"]
[SourceDate "2024.01.31"]
[SourceVersion "1"]
[SourceVersionDate "2024.01.31"]
[SourceQuality "1"]

1. e4 c5 2. c3 g6 3. d4 cxd4 4. cxd4 d6 5. Nc3 Bg7 6. Nf3 Nf6 7. Bc4 0-0 8. 0-0 Nxe4 9. Nxe4 d5 10. Bd3 dxe4 11. Bxe4 Nd7 12. Re1 1/2-1/2

[Event "South Moravia Region-chT 2223"]
[Site "Czech Republic"]
[Date "2022.11.13"]
[Round "3.2"]
[White "Sipek, Michal"]
[Black "Jelinek, Ota"]
[Result "1/2-1/2"]
[WhiteElo "1984"]
[BlackElo "2130"]
[PlyCount "66"]
[EventDate "2022.10.09"]
[EventType "team-tourn"]
[EventRounds "11"]
[EventCountry "CZE"]
[SourceTitle "EXT 2024"]
[Source "ChessBase"]
[SourceDate "2023.10.10"]
[SourceVersion "1"]
[SourceVersionDate "2023.10.10"]
[SourceQuality "1"]

1. c4 f5 2. g3 Nf6 3. Bg2 g6 4. Nc3 Bg7 5. d4 d6 6. Nf3 0-0 7. 0-0 c6 8. a3 Qe8 9. d5 Na6 10. dxc6 bxc6 11. Nd4 Bd7 12. e3 e5 13. Nde2 Qe7 14. Qc2 e4 15. Nd4 Nc5 16. Rb1 Ng4 17. h3 Ne5 18. b3 a5 19. Rd1 Ne6 20. Nxe6 Bxe6 21. Ne2 a4 22. bxa4 Bxc4 23. Rb4 Bd3 24. Qb3+ Qf7 25. Qxf7+ Rxf7 26. Nf4 Rc8 27. Nxd3 Nxd3 28. Rb6 d5 29. Bf1 Nxc1 30. Rxc1 c5 31. Rd6 Bb2 32. Rc2 Bxa3 33. Rxd5 Ra7 1/2-1/2

[Event "South Moravia Region-chT 2223"]
[Site "Czech Republic"]
[Date "2022.10.09"]
[Round "1.2"]
[White "Fojtik, Tomas"]
[Black "Sipek, Michal"]
[Result "1-0"]
[WhiteElo "2053"]
[BlackElo "1984"]
[PlyCount "89"]
[EventDate "2022.10.09"]
[EventType "team-tourn"]
[EventRounds "11"]
[EventCountry "CZE"]
[SourceTitle "EXT 2024"]
[Source "ChessBase"]
[SourceDate "2023.10.10"]
[SourceVersion "1"]
[SourceVersionDate "2023.10.10"]
[SourceQuality "1"]

1. c4 c5 2. Nf3 Nc6 3. g3 e5 4. Nc3 Nge7 5. Bg2 d5 6. cxd5 Nxd5 7. Nxe5 Nxc3 8. Nxc6 Nxd1 9. Nxd8 Nxf2 10. Nxb7 Rb8 11. Kxf2 Bxb7 12. b3 h5 13. d3 Bxg2 14. Kxg2 h4 15. Bf4 Rc8 16. g4 h3+ 17. Kf3 Rc6 18. Rhc1 Kd7 19. Rc2 Be7 20. e4 Rf6 21. e5 Re6 22. d4 cxd4 23. Rd1 Ra6 24. Rxd4+ Ke6 25. Rd3 Rb8 26. Ke4 Rb4+ 27. Rd4 Rxd4+ 28. Kxd4 Kd7 29. Ke4 Bd8 30. Rd2+ Ke8 31. Kf3 Bh4 32. g5 Be1 33. Re2 Bc3 34. Kg4 Kd7 35. Kxh3 Ke6 36. Kg4 Ra5 37. h4 Rd5 38. h5 Rd1 39. h6 Rg1+ 40. Bg3 gxh6 41. gxh6 Rh1 42. Rh2 Rxh2 43. Bxh2 f5+ 44. Kg5 Bd2+ 45. Bf4 1-0

[Event "Brno Trade op"]
[Site "Brno"]
[Date "2021.09.05"]
[Round "9"]
[White "Sipek, Michal"]
[Black "Hayrumyan, Artur"]
[Result "1-0"]
[WhiteElo "2021"]
[BlackElo "1511"]
[PlyCount "65"]
[EventDate "2021.08.29"]
[EventType "swiss"]
[EventRounds "9"]
[EventCountry "CZE"]
[SourceTitle "CBM 204 Extra"]
[Source "ChessBase"]
[SourceDate "2021.11.30"]
[SourceVersion "1"]
[SourceVersionDate "2021.11.30"]
[SourceQuality "1"]

1. Nf3 Nf6 2. g3 d6 3. Bg2 e5 4. d3 h6 5. c4 Be6 6. b4 Nbd7 7. Nc3 c6 8. 0-0 Be7 9. b5 Nh7 10. bxc6 bxc6 11. Nd2 Qc7 12. a4 h5 13. Ba3 h4 14. Nb5 cxb5 15. Bxa8 hxg3 16. hxg3 Ng5 17. Nf3 Qc8 18. Bd5 Bxd5 19. cxd5 Nxf3+ 20. exf3 Nb6 21. g4 Nxa4 22. Qc1 Nc5 23. Bxc5 dxc5 24. Rxa7 f5 25. Qa1 0-0 26. Rxe7 Re8 27. Qxe5 Rxe7 28. Qxe7 fxg4 29. Qe6+ Qxe6 30. dxe6 gxf3 31. Rc1 c4 32. dxc4 bxc4 33. Rxc4 1-0

[Event "Brno Trade op"]
[Site "Brno"]
[Date "2021.09.04"]
[Round "8"]
[White "Sipek, Michal"]
[Black "Krystl, Jaromir"]
[Result "1-0"]
[WhiteElo "2021"]
[BlackElo "1514"]
[PlyCount "62"]
[EventDate "2021.08.29"]
[EventType "swiss"]
[EventRounds "9"]
[EventCountry "CZE"]
[SourceTitle "CBM 204 Extra"]
[Source "ChessBase"]
[SourceDate "2021.11.30"]
[SourceVersion "1"]
[SourceVersionDate "2021.11.30"]
[SourceQuality "1"]

1. Nf3 Nf6 2. g3 g6 3. Bg2 Bg7 4. c4 0-0 5. d3 d6 6. Nc3 Nc6 7. Bg5 h6 8. Bd2 Be6 9. Qc1 Kh7 10. h4 Nh5 11. Rb1 Qc8 12. b4 Ne5 13. Nd5 Qd7 14. Nf4 Nxf4 15. Bxf4 Bf5 16. Nxe5 dxe5 17. Be3 Qa4 18. a3 Rab8 19. 0-0 Bg4 20. Qd2 Rfd8 21. b5 Bf5 22. Qb4 Qxb4 23. axb4 Bg4 24. Rfe1 f5 25. Bxa7 Ra8 26. b6 c6 27. b5 e4 28. bxc6 bxc6 29. f3 Bd4+ 30. e3 Bc3 31. fxg4 Bxe1 1-0

[Event "Brno Trade op"]
[Site "Brno"]
[Date "2021.08.29"]
[Round "2"]
[White "Sipek, Michal"]
[Black "Neduchal, Jiri"]
[Result "1/2-1/2"]
[WhiteElo "2021"]
[BlackElo "1734"]
[PlyCount "53"]
[EventDate "2021.08.29"]
[EventType "swiss"]
[EventRounds "9"]
[EventCountry "CZE"]
[SourceTitle "CBM 204 Extra"]
[Source "ChessBase"]
[SourceDate "2021.11.30"]
[SourceVersion "1"]
[SourceVersionDate "2021.11.30"]
[SourceQuality "1"]

1. Nf3 Nf6 2. g3 g6 3. Bg2 Bg7 4. c4 0-0 5. Nc3 d5 6. cxd5 Nxd5 7. Nxd5 Qxd5 8. 0-0 Nc6 9. d3 e5 10. Qc2 Qd6 11. Bd2 Be6 12. a3 Rfd8 13. Rac1 Rac8 14. b4 a6 15. Ng5 Nd4 16. Qd1 Bb3 17. Qe1 Nc2 18. Rxc2 Bxc2 19. Bxb7 Rb8 20. Bg2 Bb3 21. Ne4 Qe7 22. Nc5 Bd5 23. Nxa6 Ra8 24. b5 Bxg2 25. Kxg2 c6 26. Ba5 Rdc8 27. Qb4 1/2-1/2

[Event "CZE-chT2E 1718"]
[Site "Czech Republic"]
[Date "2017.11.05"]
[Round "2.8"]
[White "Zpevak, Milan"]
[Black "Sipek, Michal"]
[Result "0-1"]
[WhiteElo "1893"]
[BlackElo "1979"]
[PlyCount "58"]
[EventDate "2017.10.15"]
[EventType "team-tourn"]
[EventRounds "11"]
[EventCountry "CZE"]
[SourceTitle "EXT 2022"]
[Source "ChessBase"]
[SourceDate "2021.10.06"]
[SourceVersion "1"]
[SourceVersionDate "2021.10.06"]
[SourceQuality "1"]
[WhiteTeam "Prusanky Podluzan"]
[BlackTeam "Jundrov Jezdci"]
[WhiteTeamCountry "CZE"]
[BlackTeamCountry "CZE"]

1. e4 d6 2. d4 Nf6 3. Bd3 c5 4. c3 g6 5. Ne2 Bg7 6. 0-0 0-0 7. h3 Nc6 8. Nd2 Rb8 9. Bc2 b5 10. d5 Na5 11. Rb1 e6 12. b4 Nb7 13. c4 cxb4 14. Rxb4 Nc5 15. Nd4 Bd7 16. dxe6 Nxe6 17. cxb5 Nxd4 18. Rxd4 Bxb5 19. Re1 Nh5 20. Rb4 Nf4 21. Nb1 Ne2+ 22. Kh1 Nxc1 23. Qxc1 a5 24. Rb3 Bc4 25. Rxb8 Qxb8 26. Qa3 Qb6 27. Bd3 Bb2 28. Qxb2 Qxb2 29. Bxc4 Qb4 0-1

[Event "CZE-chT2E 1617"]
[Site "Czech Republic"]
[Date "2016.11.27"]
[Round "4.4"]
[White "Sipek, Michal"]
[Black "Masak, Pavel"]
[Result "1/2-1/2"]
[WhiteElo "1959"]
[BlackElo "2050"]
[PlyCount "111"]
[EventDate "2016.09.10"]
[EventType "team-tourn"]
[EventRounds "11"]
[EventCountry "CZE"]
[SourceTitle "EXT 2022"]
[Source "ChessBase"]
[SourceDate "2021.10.06"]
[SourceVersion "1"]
[SourceVersionDate "2021.10.06"]
[SourceQuality "1"]
[WhiteTeam "Jundrov Jezdci"]
[BlackTeam "Adamov"]
[WhiteTeamCountry "CZE"]
[BlackTeamCountry "CZE"]

1. e4 c5 2. d4 cxd4 3. c3 d3 4. Bxd3 Nc6 5. Nf3 d6 6. h3 g6 7. 0-0 Bg7 8. Qe2 Nf6 9. Rd1 Nd7 10. Na3 0-0 11. Bg5 h6 12. Be3 Nde5 13. Nxe5 Nxe5 14. Bc2 Bd7 15. Bd4 g5 16. Bxe5 Bxe5 17. Qh5 Kg7 18. Nc4 Qe8 19. Nxe5 dxe5 20. Bb3 Bc6 21. Bd5 Rd8 22. Bxc6 Qxc6 23. Qe2 a6 24. f3 f6 25. Kh2 Rh8 26. Rd2 h5 27. Rad1 Qc7 28. Rd3 Rd6 29. Rxd6 exd6 30. Qd3 Rd8 31. Qd5 Qf7 32. Qa5 Rd7 33. Rd5 g4 34. c4 f5 35. exf5 Qxf5 36. Qd2 gxf3 37. gxf3 Qxf3 38. Rxe5 dxe5 39. Qxd7+ Kf6 40. b3 Qf2+ 41. Kh1 Qf3+ 42. Kh2 Kg5 43. b4 Qf2+ 44. Kh1 Qe1+ 45. Kg2 Qxb4 46. Qg7+ Kf5 47. Qf7+ Kg5 48. Qg7+ Kf4 49. Qf6+ Ke4 50. Qf3+ Kd4 51. Qd5+ Kc3 52. Qxe5+ Kxc4 53. Qxh5 Qd2+ 54. Kg3 Qe1+ 55. Kf4 Qd2+ 56. Kg3 1/2-1/2

[Event "Brno Duras op"]
[Site "Brno"]
[Date "2016.06.25"]
[Round "1"]
[White "Zikan, Karel"]
[Black "Sipek, Michal"]
[Result "0-1"]
[WhiteElo "1713"]
[BlackElo "1982"]
[PlyCount "52"]
[EventDate "2016.06.25"]
[EventType "swiss"]
[EventRounds "9"]
[EventCountry "CZE"]
[SourceTitle "CBM 173 Extra"]
[Source "ChessBase"]
[SourceDate "2016.08.29"]
[SourceVersion "1"]
[SourceVersionDate "2016.08.29"]
[SourceQuality "1"]

1. d4 d6 2. c4 Nf6 3. Nc3 g6 4. g3 Bd7 5. Bg2 Qc8 6. b3 Bg7 7. Bb2 a5 8. a3 Na6 9. Qd2 c5 10. d5 Nc7 11. a4 Na6 12. Nf3 Nb4 13. 0-0 h5 14. e4 h4 15. Nxh4 Bh3 16. f4 Bxg2 17. Qxg2 Ng4 18. Nd1 Bd4+ 19. Bxd4 cxd4 20. Qd2 Qc5 21. Kg2 d3 22. h3 Qd4 23. Rb1 Qxe4+ 24. Nf3 Qe2+ 25. Nf2 Ne3+ 26. Kg1 Qxf3 0-1

[Event "CZE-chT2E 1516"]
[Site "Czech Republic"]
[Date "2016.04.17"]
[Round "11.2"]
[White "Haba, Zdenek"]
[Black "Sipek, Michal"]
[Result "1-0"]
[WhiteElo "2227"]
[BlackElo "1985"]
[PlyCount "139"]
[EventDate "2015.10.18"]
[EventType "team-tourn"]
[EventRounds "11"]
[EventCountry "CZE"]
[SourceTitle "EXT 2022"]
[Source "ChessBase"]
[SourceDate "2021.10.06"]
[SourceVersion "1"]
[SourceVersionDate "2021.10.06"]
[SourceQuality "1"]
[WhiteTeam "Jihlava Gordic"]
[BlackTeam "Jundrov Jezdci"]
[WhiteTeamCountry "CZE"]
[BlackTeamCountry "CZE"]

1. d4 d6 2. c4 Nf6 3. Nc3 g6 4. e4 Bg7 5. f3 0-0 6. Bg5 c6 7. Qd2 Qc7 8. Nge2 a6 9. a4 a5 10. Nc1 Na6 11. Be2 e5 12. d5 Nc5 13. 0-0 cxd5 14. cxd5 Nh5 15. Nb5 Qb6 16. Be3 Bd7 17. b4 axb4 18. Qxb4 Bh6 19. Bf2 Bxb5 20. Qxb5 Qxb5 21. Bxb5 Bxc1 22. Bxc5 dxc5 23. Rfxc1 b6 24. g3 f5 25. exf5 gxf5 26. Re1 e4 27. fxe4 fxe4 28. Rxe4 Nf6 29. Re5 Ne8 30. Bc6 Rb8 31. Rae1 Nd6 32. Rg5+ Kh8 33. Re7 Rf7 34. Re6 Rd8 35. Rge5 Nc4 36. Re8+ Rxe8 37. Rxe8+ Kg7 38. Kg2 Kf6 39. Re6+ Kf5 40. Bb5 Ne5 41. Rxb6 Ke4 42. d6 c4 43. Rb8 Kd5 44. Rc8 Kxd6 45. Bxc4 Ra7 46. Bb5 Ke6 47. h3 Ng6 48. Rc6+ Kf7 49. h4 Ne7 50. Rh6 Kg7 51. Rd6 Rc7 52. Rd7 Rc2+ 53. Kf3 Kf6 54. g4 Ke6 55. Rd3 Ng6 56. Re3+ Ne5+ 57. Kf4 Rf2+ 58. Kg3 Rc2 59. Bd3 Rc1 60. Kf4 Rc5 61. Bxh7 Kd6 62. Bf5 Rc1 63. h5 Ra1 64. Re4 Nd3+ 65. Kg5 Nc5 66. Rd4+ Ke5 67. Rc4 Nxa4 68. h6 Nb6 69. Rc6 Nd5 70. h7 1-0

[Event "CZE-chT2E 1516"]
[Site "Czech Republic"]
[Date "2016.01.10"]
[Round "5.5"]
[White "Zapletal, Jiri1"]
[Black "Sipek, Michal"]
[Result "1-0"]
[WhiteElo "2068"]
[BlackElo "1985"]
[PlyCount "65"]
[EventDate "2015.10.18"]
[EventType "team-tourn"]
[EventRounds "11"]
[EventCountry "CZE"]
[SourceTitle "EXT 2022"]
[Source "ChessBase"]
[SourceDate "2021.10.06"]
[SourceVersion "1"]
[SourceVersionDate "2021.10.06"]
[SourceQuality "1"]
[WhiteTeam "Prostejov"]
[BlackTeam "Jundrov Jezdci"]
[WhiteTeamCountry "CZE"]
[BlackTeamCountry "CZE"]

1. e4 d6 2. d4 Nf6 3. Nc3 g6 4. Nf3 Bg7 5. Be2 0-0 6. 0-0 Nbd7 7. e5 Ne8 8. Re1 c6 9. Bf4 dxe5 10. dxe5 Nc7 11. Qc1 Ne6 12. Bh6 b5 13. Bxg7 Kxg7 14. Qe3 Qb6 15. Qe4 Nec5 16. Qh4 Qc7 17. b4 Nb7 18. Bd3 a5 19. a3 Re8 20. Ne4 h6 21. Ng3 Nf8 22. Qe4 Be6 23. Nh4 Qd7 24. Qf3 axb4 25. Be4 Rxa3 26. Rxa3 bxa3 27. Qxa3 Bd5 28. Ngf5+ gxf5 29. Nxf5+ Kh8 30. Bxd5 cxd5 31. e6 Nxe6 32. Qh3 Kg8 33. Qxh6 1-0

[Event "CZE-chT2E 1516"]
[Site "Czech Republic"]
[Date "2015.11.08"]
[Round "2.6"]
[White "Tesar, Jan"]
[Black "Sipek, Michal"]
[Result "1-0"]
[WhiteElo "2078"]
[BlackElo "1985"]
[PlyCount "123"]
[EventDate "2015.10.18"]
[EventType "team-tourn"]
[EventRounds "11"]
[EventCountry "CZE"]
[SourceTitle "EXT 2022"]
[Source "ChessBase"]
[SourceDate "2021.10.06"]
[SourceVersion "1"]
[SourceVersionDate "2021.10.06"]
[SourceQuality "1"]
[WhiteTeam "Dalesice Pivovar"]
[BlackTeam "Jundrov Jezdci"]
[WhiteTeamCountry "CZE"]
[BlackTeamCountry "CZE"]

1. d4 d6 2. e4 Nf6 3. Nc3 g6 4. g3 Bg7 5. Bg2 0-0 6. Nge2 c6 7. h3 Nbd7 8. Be3 Nb6 9. b3 Qc7 10. Qd2 Re8 11. 0-0 e5 12. Rad1 d5 13. dxe5 Nxe4 14. Nxe4 dxe4 15. Nc3 Bxe5 16. Nxe4 Bf5 17. Nc5 Rad8 18. Qc1 Nd5 19. Bg5 f6 20. Bd2 Bd4 21. Bxd5+ Rxd5 22. Bf4 Be5 23. Qe3 Bxh3 24. Rfe1 Rxd1 25. Rxd1 Bf5 26. Ne4 Bxe4 27. Qxe4 g5 28. Be3 Kg7 29. f4 Re7 30. fxe5 Rxe5 31. Qf3 Qe7 32. Bxa7 c5 33. Rf1 Re6 34. Qf5 Re5 35. Qf2 Qd6 36. a3 Rd5 37. Bb8 Qd8 38. Bc7 Qe7 39. Qf3 Rd2 40. Qc3 Rd4 41. Bb6 Rd5 42. b4 cxb4 43. axb4 Kg6 44. Bf2 Qd7 45. Re1 h5 46. Qe3 Rd1 47. Qe2 Rxe1+ 48. Qxe1 Qg4 49. b5 h4 50. Qe8+ Kg7 51. Kh2 Qf3 52. Qd7+ Kh6 53. Qd4 hxg3+ 54. Bxg3 Qf5 55. Qd3 Qe6 56. c4 Kg7 57. Kg1 f5 58. Qd4+ Kh7 59. Be5 f4 60. Qe4+ Kg8 61. Qd5 Kf7 62. Qxb7+ 1-0

[Event "CZE-chT2E 1516"]
[Site "Czech Republic"]
[Date "2015.10.18"]
[Round "1.5"]
[White "Sekanina, Jiri"]
[Black "Sipek, Michal"]
[Result "1/2-1/2"]
[WhiteElo "2100"]
[BlackElo "1985"]
[PlyCount "60"]
[EventDate "2015.10.18"]
[EventType "team-tourn"]
[EventRounds "11"]
[EventCountry "CZE"]
[SourceTitle "EXT 2022"]
[Source "ChessBase"]
[SourceDate "2021.10.06"]
[SourceVersion "1"]
[SourceVersionDate "2021.10.06"]
[SourceQuality "1"]
[WhiteTeam "Lipovec Garde"]
[BlackTeam "Jundrov Jezdci"]
[WhiteTeamCountry "CZE"]
[BlackTeamCountry "CZE"]

1. e4 d6 2. d4 Nf6 3. Nc3 g6 4. Nf3 Bg7 5. Be2 0-0 6. 0-0 e5 7. dxe5 dxe5 8. Qxd8 Rxd8 9. Bg5 Nbd7 10. Rfd1 Rf8 11. Nd5 Nxd5 12. exd5 Nb6 13. c4 Bg4 14. h3 Bxf3 15. gxf3 h6 16. Be3 Rfd8 17. Rac1 Bf8 18. f4 e4 19. f3 Re8 20. Kf2 Na4 21. fxe4 Rxe4 22. Bf3 Ree8 23. b3 Nc5 24. Rc2 Ne4+ 25. Bxe4 Rxe4 26. Rd4 Re7 27. Kf3 Rae8 28. Bf2 b6 29. Rdd2 Re4 30. Re2 f5 1/2-1/2

[Event "Brno Trade op-A 37th"]
[Site "Brno"]
[Date "2012.08.27"]
[Round "3"]
[White "Talla, Vladimir"]
[Black "Sipek, Michal"]
[Result "1-0"]
[WhiteElo "2385"]
[BlackElo "1963"]
[PlyCount "65"]
[EventDate "2012.08.26"]
[EventType "swiss"]
[EventRounds "9"]
[EventCountry "CZE"]
[SourceTitle "CBM 150 Extra"]
[Source "ChessBase"]
[SourceDate "2012.10.19"]
[SourceVersion "1"]
[SourceVersionDate "2012.10.19"]
[SourceQuality "1"]

1. c4 Nf6 2. g3 g6 3. Bg2 Bg7 4. Nc3 d6 5. e4 c5 6. Nge2 Nc6 7. 0-0 Bd7 8. h3 Qc8 9. Kh2 h5 10. d3 h4 11. g4 Bxg4 12. hxg4 Nxg4+ 13. Kh1 Nd4 14. Nxd4 Bxd4 15. Qe2 Qc6 16. Nb5 0-0-0 17. Nxd4 cxd4 18. f4 f5 19. Bd2 Nf6 20. Bf3 fxe4 21. dxe4 d3 22. Qg2 Kb8 23. b3 Nh5 24. Bxh5 gxh5 25. f5 Qc5 26. Bf4 Qd4 27. Rae1 Rhg8 28. Qf2 Qxf2 29. Rxf2 Rg4 30. Rd1 b5 31. c5 Rxf4 32. Rxf4 dxc5 33. e5 1-0

[Event "Brno Trade op"]
[Site "Brno"]
[Date "2011.08.24"]
[Round "5"]
[White "Sipek, Michal"]
[Black "Zikan, Karel"]
[Result "1-0"]
[WhiteElo "1995"]
[BlackElo "1808"]
[PlyCount "57"]
[EventDate "2011.08.21"]
[EventType "swiss"]
[EventRounds "9"]
[EventCountry "CZE"]
[SourceTitle "CBM 144 Extra"]
[Source "ChessBase"]
[SourceDate "2011.10.28"]
[SourceVersion "1"]
[SourceVersionDate "2011.10.28"]
[SourceQuality "1"]

1. Nf3 Nf6 2. g3 b6 3. Bg2 Bb7 4. d3 c5 5. c4 Nc6 6. b3 g6 7. Bb2 Bg7 8. e4 d6 9. Nc3 e6 10. Rb1 0-0 11. Ne2 Qe7 12. Nf4 Rfd8 13. 0-0 a5 14. Re1 e5 15. Nd5 Nxd5 16. exd5 Nb8 17. d4 f6 18. dxe5 fxe5 19. Bc1 Bc8 20. Bg5 Bf6 21. Qd2 Bf5 22. Rbc1 Nd7 23. h3 Bxg5 24. Nxg5 Nf6 25. f4 h6 26. fxe5 hxg5 27. Qxg5 Kg7 28. exf6+ Qxf6 29. Re7+ 1-0

[Event "Brno Trade op"]
[Site "Brno"]
[Date "2011.08.21"]
[Round "2"]
[White "Kalod, Michal2"]
[Black "Sipek, Michal"]
[Result "0-1"]
[WhiteElo "1823"]
[BlackElo "1995"]
[PlyCount "68"]
[EventDate "2011.08.21"]
[EventType "swiss"]
[EventRounds "9"]
[EventCountry "CZE"]
[SourceTitle "CBM 144 Extra"]
[Source "ChessBase"]
[SourceDate "2011.10.28"]
[SourceVersion "1"]
[SourceVersionDate "2011.10.28"]
[SourceQuality "1"]

1. Nf3 Nf6 2. d4 g6 3. Bg5 Bg7 4. e3 d6 5. Nbd2 c6 6. Be2 Nbd7 7. c3 0-0 8. Qc2 b5 9. Nf1 Qb6 10. N3d2 e5 11. h4 h6 12. Bxf6 Nxf6 13. h5 Bf5 14. e4 Be6 15. dxe5 dxe5 16. Ne3 g5 17. g3 Rad8 18. 0-0 Rd7 19. a4 Rfd8 20. Rfd1 a6 21. axb5 cxb5 22. Nf5 Bf8 23. b4 Rc8 24. Rab1 Rdc7 25. c4 bxc4 26. Qc3 Bxf5 27. exf5 Bg7 28. Nxc4 Qxf2+ 29. Kxf2 Ne4+ 30. Kf3 Nxc3 31. Ne3 e4+ 32. Kf2 Nxb1 33. Nd5 Nc3 34. Bxa6 Nxd1+ 0-1